[Event "Florianopolis op 10th"]
[Site "Florianopolis"]
[Date "2024.01.26"]
[Round "8"]
[White "Cunha, Angelo"]
[Black "Calcada, Lucas Galvan"]
[Result "0-1"]
[WhiteElo "1598"]
[BlackElo "1770"]
[PlyCount "76"]
[EventDate "2024.01.20"]
[EventType "swiss"]
[EventRounds "10"]
[EventCountry "BRA"]
[SourceTitle "CB05_2024"]
[SourceDate "2024.01.31"]
[SourceVersion "1"]
[SourceVersionDate "2024.01.31"]
[SourceQuality "1"]

1. e4 c5 2. Nf3 g6 3. d4 cxd4 4. Nxd4 Nc6 5. c4 Nf6 6. Nc3 Nxd4 7. Qxd4 d6 8. Be3 Bg7 9. h3 0-0 10. Qd2 Be6 11. Be2 Qd7 12. Bh6 Rfc8 13. Bxg7 Kxg7 14. b3 a6 15. Na4 Qc7 16. 0-0 Rab8 17. Rac1 Nxe4 18. Qd4+ Nf6 19. c5 d5 20. b4 Rd8 21. Rfd1 Bd7 22. Nc3 e5 23. Qh4 Be6 24. a3 Rd7 25. c6 bxc6 26. Bxa6 Qa7 27. Bf1 Qxa3 28. Qg3 d4 29. Qxe5 dxc3 30. Qxb8 Rxd1 31. Rxd1 c2 32. Re1 c1Q 33. Rxc1 Qxc1 34. b5 Bc4 35. bxc6 Bxf1 36. c7 Bb5+ 37. Kh2 Bd7 38. Qd8 Qc6 0-1

[Event "Florianopolis op 10th"]
[Site "Florianopolis"]
[Date "2024.01.22"]
[Round "4"]
[White "Cunha, Angelo"]
[Black "Martins, Marlos da Rosa"]
[Result "1-0"]
[WhiteElo "1598"]
[BlackElo "1296"]
[PlyCount "37"]
[EventDate "2024.01.20"]
[EventType "swiss"]
[EventRounds "10"]
[EventCountry "BRA"]
[SourceTitle "CB05_2024"]
[SourceDate "2024.01.31"]
[SourceVersion "1"]
[SourceVersionDate "2024.01.31"]
[SourceQuality "1"]

1. e4 c5 2. Nf3 e6 3. d4 cxd4 4. Nxd4 Nc6 5. Nb5 d6 6. Bf4 e5 7. Be3 a6 8. N5c3 Nf6 9. Bc4 b5 10. Bb3 b4 11. Nd5 Nxe4 12. Nb6 Rb8 13. Qd5 Be6 14. Qxc6+ Bd7 15. Nxd7 Qxd7 16. Qxe4 Qb5 17. Nd2 Be7 18. Bc4 Qa4 19. 0-0 1-0

[Event "Florianopolis op 10th"]
[Site "Florianopolis"]
[Date "2024.01.21"]
[Round "2"]
[White "Cunha, Angelo"]
[Black "Leite, Lucas Bueno De Oliv"]
[Result "1-0"]
[WhiteElo "1598"]
[BlackElo "1227"]
[PlyCount "101"]
[EventDate "2024.01.20"]
[EventType "swiss"]
[EventRounds "10"]
[EventCountry "BRA"]
[SourceTitle "CB05_2024"]
[SourceDate "2024.01.31"]
[SourceVersion "1"]
[SourceVersionDate "2024.01.31"]
[SourceQuality "1"]

1. e4 c6 2. Ne2 d5 3. e5 Bf5 4. Ng3 Bg6 5. h4 h5 6. d4 e6 7. Bg5 f6 8. exf6 gxf6 9. Be3 Qc7 10. Nd2 Bd6 11. Rh3 Qh7 12. Rc1 Ne7 13. Qf3 Nd7 14. c4 Nf5 15. cxd5 cxd5 16. Ne2 Nxe3 17. Qxe3 Bf5 18. Rh1 Ke7 19. Nf4 Rac8 20. Nxd5+ Kf7 21. Nc3 Nb6 22. Bb5 Nd5 23. Qf3 Bg4 24. Qd3 Qxd3 25. Bxd3 Bb4 26. f3 Nf4 27. Bc4 Bf5 28. g3 Nd3+ 29. Bxd3 Bxd3 30. Kf2 Rhd8 31. Ke3 Ba6 32. a3 Ba5 33. b4 Bb6 34. Nb3 e5 35. Rhd1 Bc4 36. Nc5 Rc7 37. dxe5 Bxc5+ 38. bxc5 Rxd1 39. Rxd1 fxe5 40. Ne4 Bb3 41. Rb1 Bc2 42. Rxb7 Rxb7 43. Nd6+ Ke7 44. Nxb7 Kd7 45. Nd6 Bg6 46. f4 exf4+ 47. gxf4 Bc2 48. f5 Ba4 49. Kd4 Bc6 50. Ke5 Ke7 51. Nc8+ 1-0

[Event "Santa Maria op 4th"]
[Site "Santa Maria"]
[Date "2023.11.26"]
[Round "5"]
[White "Ferreira, Cladimir Nunes"]
[Black "Cunha, Angelo"]
[Result "1-0"]
[WhiteElo "1672"]
[BlackElo "1589"]
[PlyCount "75"]
[EventDate "2023.11.24"]
[EventType "swiss"]
[EventRounds "6"]
[EventCountry "BRA"]
[SourceTitle "CB49_2023"]
[SourceDate "2023.12.06"]
[SourceVersion "1"]
[SourceVersionDate "2023.12.06"]
[SourceQuality "1"]

1. e4 c5 2. Nf3 e6 3. Nc3 a6 4. d4 cxd4 5. Nxd4 Qc7 6. Bd3 Bc5 7. Be3 Nf6 8. 0-0 0-0 9. Qe2 Bb4 10. Nd1 d5 11. exd5 Nxd5 12. c3 Bd6 13. Kh1 Nxe3 14. Nxe3 Nd7 15. Rae1 Nf6 16. Ng4 Nxg4 17. Qxg4 g6 18. Re3 e5 19. Nf5 Kh8 20. Qg5 f6 21. Qh6 Bxf5 22. Bxf5 gxf5 23. f4 Qg7 24. Qh3 exf4 25. Rd3 Rad8 26. Rfd1 Bc7 27. Qxf5 Rxd3 28. Rxd3 Qe7 29. g3 Qe1+ 30. Kg2 Qe2+ 31. Kh3 Qf1+ 32. Kh4 Qg2 33. h3 Be5 34. Kh5 Rg8 35. Kh6 Qxh3+ 36. Qxh3 Rg6+ 37. Kh5 Bc7 38. Qc8+ 1-0

[Event "Santa Maria op 4th"]
[Site "Santa Maria"]
[Date "2023.11.25"]
[Round "3"]
[White "Fagundes, Carlos Prestes"]
[Black "Cunha, Angelo"]
[Result "0-1"]
[WhiteElo "1800"]
[BlackElo "1589"]
[PlyCount "62"]
[EventDate "2023.11.24"]
[EventType "swiss"]
[EventRounds "6"]
[EventCountry "BRA"]
[SourceTitle "CB49_2023"]
[SourceDate "2023.12.06"]
[SourceVersion "1"]
[SourceVersionDate "2023.12.06"]
[SourceQuality "1"]

1. e4 b6 2. d4 Bb7 3. Nc3 Nf6 4. e5 Nd5 5. Nxd5 Bxd5 6. Nf3 h6 7. c4 Bb7 8. Bd3 e6 9. Bd2 Nc6 10. a3 d6 11. exd6 Bxd6 12. b4 Be7 13. 0-0 Nxd4 14. Nxd4 Qxd4 15. Be3 Qd7 16. f3 Rd8 17. Be4 Bxe4 18. Qxd7+ Rxd7 19. fxe4 0-0 20. c5 Rfd8 21. Rfe1 Bf6 22. Rac1 Bb2 23. Rc4 b5 24. c6 Rd1 25. Rxd1 Rxd1+ 26. Kf2 bxc4 27. Ke2 Rd8 28. Bxa7 c3 29. b5 c2 30. b6 cxb6 31. c7 Rc8 0-1

[Event "Florianopolis op 9th"]
[Site "Florianopolis"]
[Date "2023.01.25"]
[Round "4"]
[White "Borba da Rosa, Rodrigo"]
[Black "Cunha, Angelo"]
[Result "0-1"]
[WhiteElo "1304"]
[BlackElo "1606"]
[PlyCount "58"]
[EventDate "2023.01.23"]
[EventType "swiss"]
[EventRounds "10"]
[EventCountry "BRA"]
[SourceTitle "CBM 212 Extra"]
[Source "ChessBase"]
[SourceDate "2023.03.31"]
[SourceVersion "1"]
[SourceVersionDate "2023.03.31"]
[SourceQuality "1"]

1. e4 g6 2. d4 b5 3. Bxb5 Bg7 4. e5 c5 5. Bc4 Bb7 6. c3 Bxg2 7. Nf3 Bxh1 8. Ng5 e6 9. f3 Bh6 10. h4 f6 11. Ne4 Bxc1 12. Nd6+ Ke7 13. Qxc1 Nc6 14. Qf4 Qf8 15. Nd2 fxe5 16. Qxf8+ Rxf8 17. dxc5 Bxf3 18. Bd3 Bh5 19. Be2 Nf6 20. b4 Bxe2 21. Kxe2 a6 22. a4 Nd5 23. Kd3 Ra8 24. N2e4 Rhf8 25. h5 Nf4+ 26. Kc4 Nxh5 27. b5 axb5+ 28. Kxb5 Rfb8+ 29. Kc4 Nf4 0-1

[Event "Florianopolis op 9th"]
[Site "Florianopolis"]
[Date "2023.01.24"]
[Round "2"]
[White "Toffoli, Vanessa"]
[Black "Cunha, Angelo"]
[Result "1-0"]
[WhiteElo "1202"]
[BlackElo "1606"]
[PlyCount "103"]
[EventDate "2023.01.23"]
[EventType "swiss"]
[EventRounds "10"]
[EventCountry "BRA"]
[SourceTitle "CBM 212 Extra"]
[Source "ChessBase"]
[SourceDate "2023.03.31"]
[SourceVersion "1"]
[SourceVersionDate "2023.03.31"]
[SourceQuality "1"]

1. e4 c5 2. Nf3 d6 3. Bb5+ Nd7 4. 0-0 Ngf6 5. Qe2 a6 6. Bxd7+ Bxd7 7. Rd1 g6 8. c3 Bg7 9. d4 cxd4 10. cxd4 Bb5 11. Qe3 Qc7 12. Nc3 Bd7 13. Qe2 0-0 14. e5 Ne8 15. Nd5 Qd8 16. Bg5 f6 17. exd6 Nxd6 18. Bf4 Nf5 19. Bc7 Qe8 20. Qc4 Kh8 21. Nb6 Bb5 22. Qc5 Ra7 23. Re1 Qc6 24. a4 Qxc5 25. dxc5 Bc6 26. Nd2 Nd4 27. Rxe7 Re8 28. Rxe8+ Bxe8 29. Bb8 Nc6 30. Bxa7 Nxa7 31. Re1 Bc6 32. Ndc4 f5 33. b3 Bd4 34. Na5 Be4 35. Nxb7 Nc6 36. Nd6 Bc2 37. Re8+ Kg7 38. Rc8 Nb4 39. Rc7+ Kh6 40. Nf7+ Kh5 41. Nd7 Bxb3 42. Rb7 a5 43. Nfe5 Bxa4 44. c6 Nxc6 45. Nf6+ Kg5 46. Nxc6 Bxf6 47. Nxa5 h5 48. h4+ Kh6 49. g3 Bc3 50. Nb3 Be5 51. Nc5 Bc6 52. Re7 1-0

[Event "Porto Alegre Trois Cup"]
[Site "Porto Alegre"]
[Date "2022.08.21"]
[Round "4"]
[White "Cunha, Angelo"]
[Black "Nunes Da Silva, Tadeu Fernando"]
[Result "1-0"]
[WhiteElo "1800"]
[BlackElo "1359"]
[PlyCount "95"]
[EventDate "2022.08.19"]
[EventType "swiss"]
[EventRounds "5"]
[EventCountry "BRA"]
[SourceTitle "CBM 210 Extra"]
[Source "ChessBase"]
[SourceDate "2022.11.30"]
[SourceVersion "1"]
[SourceVersionDate "2022.11.30"]
[SourceQuality "1"]

1. e4 e5 2. Nf3 Nc6 3. d4 d6 4. dxe5 Be7 5. Bb5 Bd7 6. exd6 Bxd6 7. Qe2 h6 8. 0-0 a6 9. Ba4 b5 10. Bb3 Na5 11. e5 Be7 12. e6 Bxe6 13. Bxe6 fxe6 14. Ne5 Nf6 15. Ng6 Rg8 16. Qxe6 Qd7 17. Qe2 Nc6 18. Re1 Kf7 19. Nxe7 Qxe7 20. Nc3 Rge8 21. Be3 Kg8 22. h3 Rad8 23. Rad1 Rxd1 24. Rxd1 Ne5 25. b3 b4 26. Nd5 Nxd5 27. Rxd5 c6 28. Ra5 Ra8 29. Bd4 Ng6 30. Qc4+ Kh8 31. Qxc6 Rd8 32. Be3 Rd1+ 33. Kh2 Qd6+ 34. Qxd6 Rxd6 35. Bc5 Rd2 36. Bxb4 Rxf2 37. Rxa6 Kh7 38. c4 Rc2 39. Kg3 Ne5 40. Ra7 Nc6 41. Rb7 Nxb4 42. Rxb4 Rxa2 43. c5 Rc2 44. Rc4 Re2 45. c6 Re8 46. c7 Rc8 47. b4 Kg8 48. b5 1-0

[Event "Porto Alegre Trois Cup"]
[Site "Porto Alegre"]
[Date "2022.08.19"]
[Round "1"]
[White "Calsing, Ado"]
[Black "Cunha, Angelo"]
[Result "1-0"]
[WhiteElo "1878"]
[BlackElo "1800"]
[PlyCount "68"]
[EventDate "2022.08.19"]
[EventType "swiss"]
[EventRounds "5"]
[EventCountry "BRA"]
[SourceTitle "CBM 210 Extra"]
[Source "ChessBase"]
[SourceDate "2022.11.30"]
[SourceVersion "1"]
[SourceVersionDate "2022.11.30"]
[SourceQuality "1"]

1. d4 d5 2. c4 c6 3. Nf3 Nf6 4. Nc3 dxc4 5. a4 a6 6. e3 Bf5 7. Bxc4 Qc7 8. 0-0 e6 9. Qe2 Nbd7 10. e4 Bg4 11. Bg5 h6 12. Bh4 Nh5 13. h3 Nf4 14. Qe3 Bxf3 15. Qxf3 g5 16. Bg3 Bd6 17. e5 Bxe5 18. dxe5 Nxe5 19. Qe4 f5 20. Qe1 Nxc4 21. Bxf4 Qxf4 22. Qxe6+ Kf8 23. g3 Qd4 24. Rad1 Nd2 25. Rxd2 Qxd2 26. Rd1 Qxd1+ 27. Nxd1 Kg7 28. Qxf5 Rhe8 29. Qd7+ Kg8 30. Ne3 Rad8 31. Qxb7 Rxe3 32. fxe3 Rd1+ 33. Kf2 Rd2+ 34. Kf3 g4+ 1-0